Guess The Ariana Grande Song by First Lyrics: thank u, next - Statistics

General Stats
  • This quiz has been taken 638 times
  • The average score is 10 of 12
Answer Stats
Hint Answer % Correct
"Yeah, breakfast at Tiffany's and bottles of bubbles..." 7 rings
97%
"Thought I'd end up with Sean..." thank u, next
96%
"I know you hear me when I cry..." ghostin
88%
"I like to f*ck with you just to ____ __ with you..." make up
88%
"Here's the thing: you're in love with a version of a person that you've created _______..." in my head
87%
"One small step for woman..." NASA
87%
"If you take too long to hit me back..." needy
86%
"You got me some type of way..." break up with your girlfriend, im bored
85%
"After laughter comes tears..." fake smile
84%
"I've been outta sight..." bad idea
78%
"Because I'm trying to do the best I can..." bloodline
78%
"Step up, the two of us..." imagine
77%
No matching quizzes found
Score Distribution
Percent of People with Each Score
Percentile by Number Answered
Your Score History
You have not taken this quiz